Verejná knižnica, Břeclav

Enregistré dans:
Détails bibliographiques
Auteur principal: Malár, Lukáš (Auteur)
Autres auteurs: Kuráň, Jozef (Directeur de thèse)
Format: Manuscrit Livre
Langue:slovaque
Publié: 2024
Sujets:
Accès en ligne:http://is.stuba.sk/zp/portal_zp.pl?podrobnosti=177025
https://opac.crzp.sk/?fn=detailBiblioForm&sid=AA0D9432EF6DE826C3141D4F11D3
Tags: Ajouter un tag
Pas de tags, Soyez le premier à ajouter un tag!

MARC

LEADER 00000ntm a22000003a 4500
001 stuzp100315
003 SK-STU
005 20240925101846.7
007 ta
008 150427s2015----xo-----f-mn---000-0-slo-d
040 |a STU  |b slo 
041 0 |a slo 
100 1 |a Malár, Lukáš  |u 010310  |4 aut  |U SvF Stavebná fakulta  |T SvF Katedra architektúry  |X 97649  |U V181|V310  |Y 19  |7 97649 
242 0 1 |a Public Library, Břeclav  |y eng 
245 1 0 |a Verejná knižnica, Břeclav 
260 |c 2024 
650 4 |a objekt  |2 slo 
650 4 |a knižnica  |2 slo 
650 4 |a prístavba  |2 slo 
650 4 |a historická budova  |2 slo 
650 4 |a nová budova  |2 slo 
650 4 |a technologický HUB  |2 slo 
650 4 |a veľká sála  |2 slo 
650 4 |a building  |2 eng 
650 4 |a library  |2 eng 
650 4 |a extension  |2 eng 
650 4 |a historical building  |2 eng 
650 4 |a new building  |2 eng 
650 4 |a technology HUB  |2 eng 
650 4 |a large hall  |2 eng 
700 1 |a Kuráň, Jozef  |u 010310  |k Z1  |4 ths  |U SvF Stavebná fakulta  |T SvF Katedra architektúry  |X 710  |U V181|V310  |Y 19  |7 A000000710 
856 4 |u http://is.stuba.sk/zp/portal_zp.pl?podrobnosti=177025 
856 4 |u https://opac.crzp.sk/?fn=detailBiblioForm&sid=AA0D9432EF6DE826C3141D4F11D3